Практическое освоение теории принятия решений студентами информационных специальностей; Известия Томского политехнического университета [Известия ТПУ]; Т. 313, № 5: Управление, вычислительная техника и информатика

Detaylı Bibliyografya
Parent link:Известия Томского политехнического университета [Известия ТПУ]/ Томский политехнический университет (ТПУ).— , 2000-
Т. 313, № 5: Управление, вычислительная техника и информатика.— 2008.— [С. 176-181]
Yazar: Микони С. В.
Diğer Yazarlar: Бураков Д. П., Гарина М. И.
Özet:Заглавие с титульного листа
Электронная версия печатной публикации
Рассматриваются этапы развития теории принятия решений. Отмечаются особенности современного состояния этого научного направления. Они учитываются при задании целей и формирования содержания лабораторных работ для практического освоения теории принятия решений студентами информационных специальностей. В качестве среды для выполнения работ используется разработанная авторами учебная версия системы СВИРЬ.
Dil:Rusça
Baskı/Yayın Bilgisi: 2008
Seri Bilgileri:Управление, вычислительная техника и информатика
Konular:
Online Erişim:http://www.lib.tpu.ru/fulltext/v/Bulletin_TPU/2008/v313/i5/38.pdf
Materyal Türü: Elektronik Kitap Bölümü
KOHA link:https://koha.lib.tpu.ru/cgi-bin/koha/opac-detail.pl?biblionumber=173701

MARC

LEADER 00000nla2a2200000 4500
001 173701
005 20231031164517.0
035 |a (RuTPU)RU\TPU\book\188382 
035 |a RU\TPU\book\188381 
090 |a 173701 
100 |a 20091229d2008 k y0rusy50 ca 
101 0 |a rus 
102 |a RU 
135 |a drnn ---uucaa 
181 0 |a i  
182 0 |a b 
200 1 |a Практическое освоение теории принятия решений студентами информационных специальностей  |b Электронный ресурс  |f С. В. Микони, Д. П. Бураков, М. И. Гарина 
203 |a Текст  |c электронный 
215 |a 1 файл (196 Кб) 
225 1 |a Управление, вычислительная техника и информатика 
230 |a Электронные текстовые данные (1 файл : 196 Кб) 
300 |a Заглавие с титульного листа 
300 |a Электронная версия печатной публикации 
320 |a [Библиогр.: с. 181 (7 назв.)] 
330 |a Рассматриваются этапы развития теории принятия решений. Отмечаются особенности современного состояния этого научного направления. Они учитываются при задании целей и формирования содержания лабораторных работ для практического освоения теории принятия решений студентами информационных специальностей. В качестве среды для выполнения работ используется разработанная авторами учебная версия системы СВИРЬ. 
337 |a Adobe Reader 
461 1 |0 (RuTPU)RU\TPU\book\176237  |t Известия Томского политехнического университета [Известия ТПУ]  |f Томский политехнический университет (ТПУ)  |d 2000- 
463 1 |0 (RuTPU)RU\TPU\book\188332  |x 1684-8519  |t Т. 313, № 5: Управление, вычислительная техника и информатика  |v [С. 176-181]  |d 2008  |p 191 с. 
610 1 |a студенты 
610 1 |a информационные специальности 
610 1 |a решения 
610 1 |a научные направления 
610 1 |a лабораторные работы 
610 1 |a векторная оптимизация 
610 1 |a Парето-доминирование 
610 1 |a многокритериальная классификация 
610 1 |a электронный ресурс 
610 1 |a принятие 
700 1 |a Микони  |b С. В. 
701 1 |a Бураков  |b Д. П. 
701 1 |a Гарина  |b М. И. 
801 1 |a RU  |b 63413507  |c 20090623  |g PSBO 
801 2 |a RU  |b 63413507  |c 20211210  |g PSBO 
856 4 |u http://www.lib.tpu.ru/fulltext/v/Bulletin_TPU/2008/v313/i5/38.pdf 
942 |c CF